000 00332nam a2200133Ia 4500
005 20251222143209.0
008 251222s9999||||xx |||||||||||||| ||spa||
020 _a978-84-368-2033-1
082 _a155.2/G31
100 _aGavino, Aurora
245 0 _aGuía de Técnicas de Terapia de Conducta
264 _bPirámide
942 _cLIB
999 _c13374
_d13374